| 000 | 00691nam a2200253Ia 4500 | ||
|---|---|---|---|
| 001 | 8482 | ||
| 005 | 20240113234113.0 | ||
| 007 | ta | ||
| 008 | 050719s1975 a g b000 u eng u | ||
| 020 | _a0-13-808197-2 01 | ||
| 040 | _aCotton College Assam | ||
| 041 | _aeng | ||
| 082 |
_a973 _bKe 28 Sh |
||
| 100 | _aKelley, Robert . | ||
| 245 | 0 |
_aThe Shaping of the American Past Vol.I & Vol. II / _cRobert Kelley. _hTextual Documents |
|
| 250 | _a4th ed. / | ||
| 260 |
_aNew Jersey : _bPrentice-Hall, Inc. , _c1975. |
||
| 300 |
_axxiv, 872p. : _bill. ; _c26cm . |
||
| 504 | _aIndex | ||
| 653 | _aHistory, America | ||
| 942 |
_2ddc _cBK |
||
| 999 |
_c8469 _d8469 |
||